| 000 | 00585nam a2200217Ia 4500 | ||
|---|---|---|---|
| 003 | OSt | ||
| 005 | 20230324144029.0 | ||
| 008 | 210423s2007 xx 000 0 und d | ||
| 040 | _cAL | ||
| 041 | _aeng | ||
| 082 |
_a541.3 _223 _bTRAC |
||
| 100 |
_aTRAPP (Charles A);CADY (Marshall P). _977508 |
||
| 245 | _aElements of physical chemistry. | ||
| 250 | _a4 | ||
| 260 |
_aNew York _bOxford University Press _c2007 |
||
| 300 | _ax,363 | ||
| 365 |
_b575 _cINR |
||
| 650 |
_aPhysical & Theoretical Chemistry _977509 |
||
| 906 | _achemistry. ; Elements ; physical | ||
| 942 |
_2ddc _cBK |
||
| 999 |
_c153941 _d153941 |
||